MDQL
is popping MORE tags! Check the
thread
!
Quizzes
Events
Quiz Creation
Community
Videos
Private Events
Remove Ads
Sign In
Join for FREE
Feedback
Dark Mode
Quiz Categories
Sports
Geography
Music
Movies
Television
Just For Fun
Miscellaneous
History
Literature
Language
Science
Gaming
Entertainment
Religion
Holiday
For Kids
Quiz Lab
Recent
Popular Today
Quiz Kudos Today
Editor Picks
Curator Picks
Quizzes by...
Day
Popularity
Type
Ratings
Length
Year
Community
Subscriptions
Recent Discussions
Orange Saloon
Badges
Playlists
Quests
Create
Leaderboards
Showdown
Live 5
Trivia Bingo
Activity
Puzzle Library
Sporcle Events
Private Events
Virtual Trivia
Globe League
Become a Host
Pub Owners
SporcleCon
Opinionation
Our Games
Videos
Blog
Mobile Apps
Partnerships
Remove Ads and Go Orange
Feedback
Television
TV Characters
TV Show
Sitcom
Network
Friends
Reality Shows
Cast
South Park
Star Trek
The Simpsons
Doctor Who
Television
TV Characters
TV Show
Sitcom
Network
Friends
Reality Shows
Cast
South Park
Star Trek
The Simpsons
Doctor Who
Random Quiz
Search Sporcle
×
Quiz Lab
Quiz Lab
Television
place
Type in answers that appear in a list
Type in answers that appear in a list
Classic
Best Score? Go Orange.
Ice Pilots NWT Stats
Can you name the Ice Pilots NWT?
By
Pilot
6m
35 Questions
117 Plays
117 Plays
117 Plays
Comments
Comments
Give Quiz Kudos
Give Quiz Kudos
-
- Ratings
hide this ad
Replay
Link that replays current quiz
Next Quiz
Link to next quiz in quiz playlist
You Got
0%
They Got
Avg Score
57%
Avg Friend Score
Upgrade to see
Score Distribution
Jump to the score distribution portion of the page
Score
0/35
Timer
06:00
0
Plays Today
Hints
People, Planes and Places of Buffalo Air
% Correct
President & Captain
Buffalo Joe McBryan '
97.4%
General Manager
Mikey McBryan '
90.6%
Chief Pilot
Arnie Schreder '
87.2%
Captian and Trainer, went to Turkey
Justin Simle '
77.8%
Co-
Pilot, Aka, Too Tall
Scott Blue '
76.9%
HQ is in what City
Yellowknife
76.9%
Base where the sched runs from
Hay River
76.9%
Vintage Aircraft Twin Engine Joe's Baby
THE DOUGLAS DC-3 '
72.6%
Vintage Aircraft 4 Engine
THE DOUGLAS DC-4 '
72.6%
Cargo and Express Manager
Kelly Jurasevich '
71.8%
Largest aircraft in the fleet
LOCKHEED L-188 ELECTRA '
67.5%
Captian, married in the Ice Castle
AJ Decoste '
66.7%
Rampie, Hard working Hay River guy
Jeremy Dow '
65.8%
Director of Maintenance
Rod MyBryan '
62.4%
Vintage Aircraft Twin Engine
Curtiss-Wright C-46 Commando '
61.5%
Station on which the show airs
History Television '
60.7%
Rampie, from Quebec
Audrey Marchand '
57.3%
Water Bomber type
CANADAIR CL-215 '
57.3%
Hints
People, Planes and Places of Buffalo Air
% Correct
Southern most Base
Red Deer
54.7%
Captian, almost took a job in Africa
Devan Brooks '
53.8%
Rampie, Prairie Bible College flight school
Wilf Darr '
53%
Engineer, Be prepared for his unique brand of humour
Chuck Adams '
51.3%
Town on the Valley Run
Norman Wells
48.7%
Engineer, practically grew up at Buffalo
Adam Smith '
44.4%
Water Bomber Lead Engineer
Cory Dodd '
43.6%
Past Rampie from India, will be missed.
Raman Srivatava '
41.9%
Town on the Valley Run
Deline
41%
Shipping Assistant, Dating a Buffalo pilot.
Jynelle Glenn '
38.5%
Co-
Pilot, 'Wayne Gretzky' of pilots
Gord Cooling '
36.8%
Town on the Valley Run
Tulita
34.2%
Co-
Pilot, ex-
flight school instructor from Quebec
Alex Wagner '
33.3%
Senior Co-
Pilot, Tech support guy
Sean Berry '
31.6%
Co-
Pilot, Team Player, shy guy
Ian Bottomley '
31.6%
Company Mascot
Sophie the Dog '
29.1%
Town on the Valley Run
Fort Good Hope
28.2%
Quiz Playlist
Details
Report
Send in Message
Add To Playlist
Classic:
Type in answers that appear in a list
Last Updated: Feb 16, 2017
Quiz Scoreboard
CHALLENGE
Sign Up to Join the Scoreboard
Show All
Scores
Hide
Comments
May contain spoilers
Recently Published
Image Sorting: Flags VI
by Barbecue
Geography
2m
Find the 'City' Movie
by crazypaving
Movies
60s
Colored Red Africa Blitz
by spor1
Geography
45s
More to Explore
Quiz From the Vault
Featured Blog Post
14 Easter Pick-up Lines to Find Eggs With
hide this ad
You Might Also Like...
Tags
Air
buffalo
ice
pilot
place
plane
Today's Top Quizzes in Television
Browse Television
hide this ad
Today's Top Quizzes in place
Browse place
Top Contributed Quizzes in Television
1
Survivor Journey Challenge
2
Brooklyn Nine Nine Logic Puzzle (How-To-Play)
3
Total Drama Characters
4
Phoebe Buffay Quotes
5
Survivor Heroes vs. Villains Logic Puzzle
6
Adjectives in 00s TV Shows
7
Survivor Trivia
8
Game of Thrones: Tywin Lannister Start to Finish
9
Emmerdale Characters (from August 2012)
10
Survivor Logic Puzzle: Heroes vs. Villains
Explore More
Trending Topics
Disney
Marvel
Anime
NBA
Crossword
Harry Potter
Kpop
Soccer
Country
WWE
NFL
Song
Puzzle
Pokémon
The Office
hide this ad
More By:
Pilot
Quiz
Plays
Rating
Category
Featured
Created
Ice Pilots NWT
117
5.00
Television
Feb 2, 2010
Go to Creator's Profile
Score Distribution
Quiz Creator Spotlight
Pilot
Follow
Send a Message
Quizzes Created
-
Created Quiz Play Count
-
More By This Creator
Popular Quizzes Today
1
Colored Red Africa Blitz
2
Find the US States - No Outlines Minefield
3
Find the 'City' Movie
4
5x2 Blitz: Bands
5
The Countries of the World
6
Find the US States
7
Find the Countries of Europe - No Outlines Minefield
8
US States
More Television Quizzes
A Cast for All Seasons: Friends
Published
Trending Quizzes
Colored Red Europe Blitz I
Colored Red Europe Blitz II
Colored Red Africa Blitz II
Colored Red Europe Blitz III
Colored Red Africa Blitz III
Recently Updated
How Do You Spell That?
pecheneg
Godzilla Movies
pecheneg
Grab Bag: 4-10 Letters
pecheneg
2024 March Madness Bracket
pecheneg
Famous TV Couples
Peacemaker
Champions League XIs: Real Madrid
pecheneg
Largest US Cities 1790-2010
pecheneg
Rides in Walt Disney World
pecheneg
Most Oscar Losses (Acting)
pecheneg
Beyoncé Albums
pecheneg
Trending Topics
Harry Potter
Crossword
Anime
NBA
Kpop
Disney
Marvel
Soccer
Country
The Office
NFL
WWE
Pokémon
Puzzle
Song
Your Account Isn't Verified!
In order to create a playlist on Sporcle, you need to verify the email address you used during registration. Go to your
Sporcle Settings
to finish the process.
Report this User
Report this user for behavior that violates our
Community Guidelines
.
Details:
Send Report
Go to the Sporcle.com Mobile Site →
Comments